000
00331nam a2200145Ia 4500
005
20251222143115.0
008
251222s9999||||xx |||||||||||||| ||spa||
020
_a
9788474329681
082
_a
306/Y89
100
_a
Yúdice, George
245
0
_a
El Recurso de la Cultura
250
_a
1ra.ed.
264
_b
Gediga
942
_c
LIB
999
_c
11335
_d
11335